Heutige Staaten Österreich-Ungarns auf einer Karte - Statistiken

Allgemein
  • Dieses Quiz wurde 24.463 mal gespielt
  • Das Durchschnittsergebnis liegt bei 12 aus 13
Antworten auf der Karte
Die Antworten werden auf der Karte rot bzw. grün angezeigt, abhängig davon wie oft sie richtig erraten wurden.
 
Antwortstatistiken
Antwort % Korrekt
Österreich
100%
Ungarn
99%
Kroatien
98%
Tschechien
98%
Slowakei
97%
Slowenien
97%
Bosnien und Herzegowina
95%
Italien
92%
Rumänien
92%
Serbien
92%
Polen
88%
Ukraine
87%
Montenegro
78%
Keine übereinstimmenden Quizze gefunden
Verteilung der Resultate
Anzahl Personen mit jedem Resultat
Perzentil nach korrekt beantworteten Fragen
Ihre Resultats-Entwicklung
Sie haben dieses Quiz noch nicht gespielt